| 000 | 00419nam a22001337a 4500 | ||
|---|---|---|---|
| 005 | 20250311113850.0 | ||
| 008 | 250311b ||||| |||| 00| 0 eng d | ||
| 040 | _cPK-LaUMT | ||
| 082 |
_a348.5491 _bPAK- |
||
| 245 |
_aPakistan supreme court cases [ PSC, Vol. XLII, 2023] / _cedited by Malik Muhammad Qayyum . . . [et al.] |
||
| 260 |
_aLahore : _bPakistan Supreme Court Cases, _c2023 |
||
| 300 | _a3 vols. | ||
| 942 | _cBK | ||
| 999 |
_c137090 _d137090 |
||